000 00324nam a22001337a 4500
003 SGT
082 _a954.03
_bA76R
100 _aRAO, V. VENKATA
245 _aA CENTURY OF TRIBAL POLITICS IN NORTH EAST INDIA
260 _aINDIA
_bS. CHAND & COMPANY
_c1976
300 _a556
650 _aINDIAN HISTORY
942 _2ddc
_cBK
999 _c26281
_d26281